01722nab a2200241 i 4500003000900000005001700009008004100026040001800067072000800085100003000093100003900123245007400162500006600236520080500302650001501107650002301122650001401145650001701159773019901176856007801375942000801453999001901461BR-BrBNA20250515165242.0250515b2017 bl.qr|pooa||| 00| 0 por | aBR-BrBNAbpor aF70 aShimizu, Gustavo Hiroaki  aGonçalves, Deise Josely Pereira  aFlora das cangas da Serra dos Carajás, Pará, Brasil: Vochysiaceae aPublicação on-line; 17 ref.; 2 illus.; Summaries (En, Pt) a Resumo Este estudo apresenta as espécies de Vochysiaceae que ocorrem em vegetação de canga na Serra dos Carajás, no estado do Pará, Brasil, incluindo descrições morfológicas, ilustrações e comentários. Foram registradas quatro espécies: Callisthene microphylla, Qualea multiflora, Q. parviflora e Vochysia haenkeana. Palavras-chave: Amazônia, Callisthene, Qualea, taxonomia, Vochysia. Abstract This study presents the species of Vochysiaceae that occur in canga vegetation of Serra dos Carajás, in the Pará state, Brazil, including morphological descriptions, illustrations, and comments. Four species were recorded: Callisthene microphylla, Qualea multiflora, Q. parviflora and Vochysia haenkeana. Key words: Amazon, Callisthene, Qualea, taxonomy, Vochysia. aAMAZÔNIA aQUALEA GRANDIFLORA aTAXONOMIA aVOCHYSIACEAE0 07099350025dRio de Janeiro-RJ Jardim Botanico do Rio de Janeiro 1935o2025-2634tRodriguésia (Brazil)x0370-6583; 2175-7860 on-linegv. 68(3 special number) p. 1159-1164; (2017)wBR2025000977 uhttps://www.scielo.br/j/rod/a/9g4KWF7BfM58V7JRhs54JvM/?format=pdf&lang=pt cANA c331529d331529